Guess Which Cleaning Supplies are Essential- Sudden Death - Statistics

General Stats
  • This quiz has been taken 24 times
  • The average score is 9 of 12
Answers on the Grid
Answers color-coded by a green-red scale on the quiz's grid according to % correct below.
Gloves
Cloths
Sponges
Vacuum
Broom
Mop
Window Cleaner
Bucket
Duster
Dish Soap
Toilet Brush
Plunger
UV Wands
Feather Dusters
Ceiling & Wall Mop
Swiffer WetJet Ultra Deluxe Model
Stainless Steel Cleaner
Countertop Cleaner
Shoe Polish
Stovetop Cleaner
Grout Cleaner
Mildew Remover
Carpet Vacuum
Automatic Cleaning Toilet Bowl
 
Answer Stats
Answer % Correct
Broom
94%
Mop
94%
Dish Soap
82%
Sponges
82%
Toilet Brush
82%
Gloves
76%
Cloths
71%
Plunger
71%
Vacuum
71%
Bucket
59%
Duster
59%
Window Cleaner
47%
No matching quizzes found
Score Distribution
Percent of People with Each Score
Percentile by Number Answered
Your Score History
You have not taken this quiz